Akruálny princíp v reforme riadenia verejných financií na Slovensku
Formovanie verejnej správy na Slovensku. Akruálny princíp v účtovníctve verejnej správy. Súhrnná účtovná závierka verejnej správy.
Guardado en:
| Autor principal: | |
|---|---|
| Formato: | Capítulo de libro |
| Lenguaje: | eslovaco |
| Materias: | |
| Etiquetas: |
Sin Etiquetas, Sea el primero en etiquetar este registro!
|
MARC
| LEADER | 00000naa$a2200000$$$4500 | ||
|---|---|---|---|
| 001 | 0105743 | ||
| 005 | 20240502072157.3 | ||
| 041 | 0 | |a slo | |
| 044 | |a SK | ||
| 245 | 1 | 0 | |a Akruálny princíp v reforme riadenia verejných financií na Slovensku |c Ingrid Šabíková |
| 520 | |a Formovanie verejnej správy na Slovensku. Akruálny princíp v účtovníctve verejnej správy. Súhrnná účtovná závierka verejnej správy. | ||
| 610 | 2 | 0 | |a správa verejná |
| 610 | 2 | 0 | |a Slovensko |
| 610 | 2 | 0 | |a riadenie finančné |
| 610 | 2 | 0 | |a financie verejné |
| 610 | 2 | 0 | |a účtovníctvo |
| 610 | 2 | 0 | |a závierka účtovná |
| 100 | 1 | |a Šabíková, Ingrid | |